| 000 | 00394nam a2200109Ia 4500 | ||
|---|---|---|---|
| 008 | 171204s9999 xx 000 0 und d | ||
| 245 | _aSimplicity In Vision: A Multidisciplinary Account Of Perceptual Organization | ||
| 245 | _cPeter A. van der Helm | ||
| 260 | _c2014 | ||
| 650 | _xHUMAN BEHAVIOR IN ORGANIZATION WITH ETHICS | ||
| 856 | _uhttp://down.ebook777.com/025/SimInVisAMulAccOfPerOrg.pdf | ||
| 999 |
_c346983 _d346983 |
||